[Event "AUT-ch 2018"]
[Site "Vienna"]
[Date "2018.07.29"]
[Round "9"]
[White "Zimmermann, Heinz"]
[Black "Windhager, Hannes"]
[Result "1/2-1/2"]
[WhiteElo "2162"]
[BlackElo "2203"]
[Annotator "NA"]
[PlyCount "119"]
[EventDate "2018.07.22"]
[EventType "swiss"]
[EventCountry "AUT"]
[SourceTitle "playchess.com"]
[Source "ChessBase"]
[SourceQuality "1"]
[TimeControl "40/5400+30:1800+30"]

1. c4 {[%emt 0:00:00]} Nf6 {[%emt 0:00:06]} 2. Nc3 {[%emt 0:00:00]} g6 {[%emt 0:00:04]} 3. g3 {[%emt 0:00:00]} Bg7 {[%emt 0:00:05]} 4. Bg2 {[%emt 0:00:01]} O-O {[%emt 0:00:05]} 5. e4 {[%emt 0:00:28]} c5 {[%emt 0:00:47]} 6. Nge2 {[%emt 0:00:25]} Nc6 {[%emt 0:00:21]} 7. O-O {[%emt 0:00:42]} d6 {[%emt 0:00:25]} 8. a3 {[%emt 0:00:18]} Rb8 {[%emt 0:01:39]} 9. Rb1 {[%emt 0:00:17]} a6 {[%emt 0:05:49]} 10. b4 {[%emt 0:01:51]} b6 {[%emt 0:03:33]} 11. h3 {[%emt 0:04:16]} Nd7 {[%emt 0:02:21]} 12. d3 {[%emt 0:01:15]} Nd4 {[%emt 0:00:39]} 13. Be3 {[%emt 0:06:50]} Bb7 {[%emt 0:01:22]} 14. f4 {[%emt 0:12:24]} e6 {[%emt 0:06:06]} 15. bxc5 {[%emt 0:06:57]} bxc5 {[%emt 0:03:16]} 16. g4 {[%emt 0:09:29]} Bc6 {[%emt 0:05:17]} 17. Rxb8 {[%emt 0:04:32]} Qxb8 {[%emt 0:00:06]} 18. h4 Qb2 {[%emt 0:10:55]} 19. Bc1 {[%emt 0:01:16]} Qc2 {[%emt 0:02:15]} 20. Qxc2 {[%emt 0:11:06]} Nxc2 {[%emt 0:00:08]} 21. Bd2 {[%emt 0:12:11]} Rb8 {[%emt 0:05:05]} 22. Rb1 {[%emt 0:01:15]} Rxb1+ {[%emt 0:03:18]} 23. Nxb1 {[%emt 0:00:08]} Bb2 {[%emt 0:15:13]} 24. Bc1 {[%emt 0:00:14]} Nd4 {[%emt 0:03:19]} 25. Nbc3 {[%emt 0:08:59]} Ba1 {[%emt 0:06:51]} 26. Nxd4 {[%emt 0:03:06]} cxd4 {[%emt 0:00:05]} 27. Nd1 {[%emt 0:00:20]} Ba4 {[%emt 0:01:11]} 28. Bb2 {[%emt 0:00:29]} Bxd1 {[%emt 0:01:16]} 29. Bxa1 {[%emt 0:00:10]} e5 {[%emt 0:01:09]} 30. g5 {[%emt 0:07:14]} Nc5 {[%emt 0:00:42]} 31. fxe5 {[%emt 0:01:13]} dxe5 {[%emt 0:00:06]} 32. a4 {[%emt 0:02:35]} Bxa4 {[%emt 0:08:43]} 33. Bb2 {[%emt 0:00:18]} Nxd3 {[%emt 0:01:07]} 34. Ba3 {[%emt 0:00:10]} Nf4 {[%emt 0:05:48]} 35. Bf1 {[%emt 0:00:17]} d3 {[%emt 0:00:43]} 36. Bb4 {[%emt 0:00:09]} Bc6 {[%emt 0:00:32]} 37. Kf2 {[%emt 0:00:45]} Bxe4 {[%emt 0:01:17]} 38. Ke3 {[%emt 0:00:14]} Bc6 {[%emt 0:03:30]} 39. Bd6 {[%emt 0:02:43]} Ng2+ {[%emt 0:02:04]} 40. Bxg2 {[%emt 0:01:58]} Bxg2 {[%emt 0:30:09]} 41. Kxd3 {[%emt 0:32:20]} Bc6 {[%emt 0:00:00]} 42. Bxe5 {[%emt 0:00:00]} Kf8 {[%emt 0:00:00]} 43. Bd6+ {[%emt 0:00:00]} Ke8 {[%emt 0:00:00]} 44. Kd4 {[%emt 0:00:00]} Kd7 {[%emt 0:00:00]} 45. Ke5 {[%emt 0:00:00]} Ba4 {[%emt 0:00:00]} 46. Bb4 {[%emt 0:00:00]} Bb3 {[%emt 0:00:00]} 47. Kd5 {[%emt 0:00:00]} Bd1 {[%emt 0:00:00]} 48. Ke5 {[%emt 0:00:00]} Kc6 {[%emt 0:00:00]} 49. Kd4 {[%emt 0:00:00]} Bf3 {[%emt 0:00:00]} 50. Ke5 {[%emt 0:00:00]} Bg4 {[%emt 0:00:00]} 51. Kd4 {[%emt 0:00:00]} Kb6 {[%emt 0:00:00]} 52. Bd2 {[%emt 0:00:00]} a5 {[%emt 0:00:00]} 53. Bc3 {[%emt 0:00:00]} a4 {[%emt 0:00:00]} 54. Bb4 {[%emt 0:00:00]} Kc6 {[%emt 0:00:00]} 55. Ba3 {[%emt 0:00:00]} Be2 {[%emt 0:00:00]} 56. Bb4 {[%emt 0:00:00]} Kd7 {[%emt 0:00:00]} 57. Kd5 {[%emt 0:00:00]} Bf3+ {[%emt 0:00:00]} 58. Ke5 {[%emt 0:00:00]} Bd1 {[%emt 0:00:00]} 59. Ba3 {[%emt 0:00:00]} Bb3 {[%emt 0:03:00]} 60. Kd5 {[%emt 0:00:07]} 1/2-1/2

[Event "AUT-ch 2018"]
[Site "Vienna"]
[Date "2018.07.29"]
[Round "9"]
[White "Frank, Emanuel"]
[Black "Huber, Martin Christian"]
[Result "0-1"]
[WhiteElo "2161"]
[BlackElo "2374"]
[Annotator "NA"]
[PlyCount "82"]
[EventDate "2018.07.22"]
[EventType "swiss"]
[EventCountry "AUT"]
[SourceTitle "playchess.com"]
[Source "ChessBase"]
[SourceQuality "1"]
[TimeControl "40/5400+30:1800+30"]

1. d4 {[%emt 0:00:00]} Nf6 {[%emt 0:00:45]} 2. c4 {[%emt 0:00:00]} g6 {[%emt 0:00:28]} 3. Nc3 {[%emt 0:00:00]} Bg7 {[%emt 0:00:03]} 4. e4 {[%emt 0:00:00]} d6 {[%emt 0:00:06]} 5. Nf3 {[%emt 0:00:02]} O-O {[%emt 0:00:10]} 6. Be2 {[%emt 0:00:05]} Na6 {[%emt 0:00:04]} 7. O-O {[%emt 0:00:51]} e5 {[%emt 0:00:19]} 8. d5 {[%emt 0:00:29]} Nc5 {[%emt 0:00:43]} 9. Qc2 {[%emt 0:00:12]} a5 {[%emt 0:00:07]} 10. Bg5 {[%emt 0:00:53]} h6 {[%emt 0:00:06]} 11. Be3 {[%emt 0:00:03]} b6 {[%emt 0:00:17]} 12. Nd2 {[%emt 0:00:10]} Nh7 {[%emt 0:02:05]} 13. a3 {[%emt 0:04:20]} a4 {[%emt 0:03:39]} 14. Bxc5 {[%emt 0:01:16]} bxc5 {[%emt 0:00:22]} 15. Nxa4 {[%emt 0:00:06]} h5 {[%emt 0:00:11]} 16. b4 {[%emt 0:07:28]} Bh6 {[%emt 0:04:31]} 17. Nc3 {[%emt 0:06:02]} h4 {[%emt 0:31:20]} 18. Nb3 {[%emt 0:15:09]} h3 {[%emt 0:08:36]} 19. g3 {[%emt 0:04:09]} cxb4 {[%emt 0:03:01]} 20. axb4 {[%emt 0:00:26]} Rxa1 {[%emt 0:00:16]} 21. Rxa1 {[%emt 0:01:00]} f5 {[%emt 0:00:31]} 22. Na5 {[%emt 0:22:28]} f4 {[%emt 0:01:19]} 23. Qd3 {[%emt 0:04:57]} Qf6 {[%emt 0:07:01]} 24. Rf1 {[%emt 0:01:43]} Qg5 {[%emt 0:08:51]} 25. Kh1 {[%emt 0:05:03]} Nf6 {[%emt 0:02:34]} 26. Rg1 {[%emt 0:03:28]} Ng4 {[%emt 0:10:24]} 27. Nd1 {[%emt 0:08:00]} f3 {[%emt 0:04:41]} 28. Bf1 {[%emt 0:07:46]} Kg7 {[%emt 0:05:39]} 29. Qc2 {[%emt 0:01:03]} Qd2 {[%emt 0:03:24]} 30. Qxd2 {[%emt 0:04:10]} Bxd2 {[%emt 0:00:07]} 31. Nc6 {[%emt 0:02:01]} Bd7 {[%emt 0:03:19]} 32. Bxh3 {[%emt 0:01:50]} Nxh2 {[%emt 0:00:24]} 33. Kxh2 {[%emt 0:00:33]} Rh8 {[%emt 0:00:07]} 34. Rh1 {[%emt 0:00:32]} Bxh3 {[%emt 0:01:12]} 35. Kg1 {[%emt 0:00:09]} g5 {[%emt 0:00:27]} 36. g4 {[%emt 0:00:45]} Rh4 {[%emt 0:00:30]} 37. Ne3 {[%emt 0:00:35]} Bxe3 {[%emt 0:00:20]} 38. fxe3 {[%emt 0:00:27]} Rxg4+ {[%emt 0:00:06]} 39. Kf2 {[%emt 0:00:46]} Rg2+ {[%emt 0:00:21]} 40. Kf1 {[%emt 0:00:21]} Rh2+ {[%emt 0:30:14]} 41. Kg1 {[%emt 0:00:20]} Rxh1+ {[%emt 0:00:00]} 0-1

[Event "AUT-ch 2018"]
[Site "Vienna"]
[Date "2018.07.29"]
[Round "9"]
[White "Miazhynski, Yuri"]
[Black "Riemelmoser, Stefan"]
[Result "1-0"]
[WhiteElo "2147"]
[BlackElo "2147"]
[Annotator "NA"]
[PlyCount "83"]
[EventDate "2018.07.22"]
[EventType "swiss"]
[EventCountry "AUT"]
[SourceTitle "playchess.com"]
[Source "ChessBase"]
[SourceQuality "1"]
[TimeControl "40/5400+30:1800+30"]

1. Nf3 {[%emt 0:00:00]} e6 {[%emt 0:00:20]} 2. c4 {[%emt 0:00:08]} d5 {[%emt 0:00:10]} 3. b3 {[%emt 0:00:15]} Nf6 {[%emt 0:00:16]} 4. Bb2 {[%emt 0:00:28]} Be7 {[%emt 0:00:53]} 5. g3 {[%emt 0:00:49]} O-O {[%emt 0:00:22]} 6. Bg2 {[%emt 0:00:04]} c5 {[%emt 0:00:31]} 7. O-O {[%emt 0:00:23]} Nc6 {[%emt 0:02:18]} 8. cxd5 {[%emt 0:11:46]} Nxd5 {[%emt 0:00:44]} 9. d4 {[%emt 0:00:11]} cxd4 {[%emt 0:04:33]} 10. Nxd4 {[%emt 0:00:32]} Bf6 {[%emt 0:05:14]} 11. Nxc6 {[%emt 0:03:39]} bxc6 {[%emt 0:00:12]} 12. Qc1 {[%emt 0:01:31]} Ba6 {[%emt 0:03:35]} 13. Re1 {[%emt 0:01:33]} Rc8 {[%emt 0:03:12]} 14. Nd2 {[%emt 0:05:38]} c5 {[%emt 0:06:42]} 15. Nc4 {[%emt 0:17:50]} Nb6 {[%emt 0:27:19]} 16. Bxf6 {[%emt 0:10:32]} Qxf6 {[%emt 0:00:03]} 17. Nd6 {[%emt 0:00:21]} Rc7 {[%emt 0:03:29]} 18. Qa3 {[%emt 0:02:17]} Bxe2 {[%emt 0:04:36]} 19. Rac1 {[%emt 0:01:04]} Bf3 {[%emt 0:03:58]} 20. Rxc5 {[%emt 0:03:56]} Rxc5 {[%emt 0:02:15]} 21. Qxc5 {[%emt 0:00:02]} Bxg2 {[%emt 0:08:09]} 22. Kxg2 {[%emt 0:00:03]} Qb2 {[%emt 0:03:39]} 23. Qa5 {[%emt 0:01:44]} h5 {[%emt 0:06:27]} 24. Qxh5 {[%emt 0:16:58]} Qxa2 {[%emt 0:01:33]} 25. Qf3 {[%emt 0:01:26]} Nd5 {[%emt 0:01:21]} 26. Re4 {[%emt 0:03:40]} Nf6 {[%emt 0:05:15]} 27. Ra4 {[%emt 0:07:14]} Qd2 {[%emt 0:00:02]} 28. Ne4 {[%emt 0:00:41]} Nxe4 {[%emt 0:00:17]} 29. Qxe4 {[%emt 0:00:02]} a5 {[%emt 0:01:16]} 30. Qe5 {[%emt 0:04:32]} Qd5+ {[%emt 0:03:42]} 31. Qxd5 {[%emt 0:00:36]} exd5 {[%emt 0:00:03]} 32. Rxa5 {[%emt 0:00:26]} Rb8 {[%emt 0:00:12]} 33. Ra3 {[%emt 0:00:21]} g6 {[%emt 0:01:04]} 34. Kf3 {[%emt 0:00:49]} Rb4 {[%emt 0:00:16]} 35. Ke3 {[%emt 0:00:43]} Kg7 {[%emt 0:01:07]} 36. Kd3 {[%emt 0:00:12]} d4 {[%emt 0:02:29]} 37. Kc2 {[%emt 0:00:19]} Rb6 {[%emt 0:00:48]} 38. Ra4 {[%emt 0:03:38]} Rd6 {[%emt 0:00:35]} 39. Kd3 {[%emt 0:00:20]} Rb6 {[%emt 0:00:15]} 40. b4 {[%emt 0:00:10]} Rf6 {[%emt 0:30:42]} 41. Ra2 {[%emt 0:31:46]} Rd6 {[%emt 0:00:00]} 42. Rb2 {[%emt 0:00:00]} 1-0

[Event "AUT-ch 2018"]
[Site "Vienna"]
[Date "2018.07.29"]
[Round "9"]
[White "Hapala, Elisabeth"]
[Black "Goessler, Markus"]
[Result "1-0"]
[WhiteElo "2131"]
[BlackElo "2190"]
[Annotator "NA"]
[PlyCount "107"]
[EventDate "2018.07.22"]
[EventType "swiss"]
[EventCountry "AUT"]
[SourceTitle "playchess.com"]
[Source "ChessBase"]
[SourceQuality "1"]
[TimeControl "40/5400+30:1800+30"]

1. e4 {[%emt 0:00:00]} e5 {[%emt 0:00:05]} 2. Nf3 {[%emt 0:00:00]} Nc6 {[%emt 0:00:02]} 3. Bb5 {[%emt 0:00:00]} a6 {[%emt 0:00:06]} 4. Ba4 {[%emt 0:00:00]} Nf6 {[%emt 0:00:05]} 5. O-O {[%emt 0:00:00]} Be7 {[%emt 0:00:13]} 6. Re1 {[%emt 0:00:00]} b5 {[%emt 0:00:09]} 7. Bb3 {[%emt 0:00:00]} d6 {[%emt 0:00:07]} 8. c3 {[%emt 0:00:01]} O-O {[%emt 0:00:19]} 9. h3 {[%emt 0:00:38]} Nb8 {[%emt 0:00:29]} 10. d4 {[%emt 0:00:21]} Nbd7 {[%emt 0:00:07]} 11. Nbd2 {[%emt 0:00:14]} Bb7 {[%emt 0:00:12]} 12. Bc2 {[%emt 0:00:12]} Re8 {[%emt 0:00:16]} 13. Nf1 {[%emt 0:05:47]} Bf8 {[%emt 0:00:10]} 14. Ng3 {[%emt 0:00:04]} g6 {[%emt 0:00:16]} 15. a4 {[%emt 0:05:53]} Nb6 {[%emt 0:00:27]} 16. a5 {[%emt 0:11:43]} Nbd7 {[%emt 0:00:09]} 17. Bg5 {[%emt 0:03:49]} h6 {[%emt 0:03:07]} 18. Bd2 {[%emt 0:00:39]} c5 {[%emt 0:45:26]} 19. d5 {[%emt 0:00:46]} c4 {[%emt 0:00:09]} 20. Qc1 {[%emt 0:01:39]} Kh7 {[%emt 0:03:18]} 21. Nh2 {[%emt 0:01:07]} Nc5 {[%emt 0:03:55]} 22. Rf1 {[%emt 0:03:26]} Bg7 {[%emt 0:10:15]} 23. f4 {[%emt 0:05:24]} exf4 {[%emt 0:15:07]} 24. Rxf4 {[%emt 0:00:12]} Qe7 {[%emt 0:00:31]} 25. Qf1 {[%emt 0:12:53]} Rf8 {[%emt 0:02:51]} 26. Re1 {[%emt 0:15:17]} Ncd7 {[%emt 0:01:06]} 27. Qf2 {[%emt 0:10:37]} Ne5 {[%emt 0:00:47]} 28. Rf1 {[%emt 0:00:44]} Nfd7 {[%emt 0:00:33]} 29. Nf3 {[%emt 0:01:11]} Nxf3+ {[%emt 0:02:06]} 30. Qxf3 {[%emt 0:00:27]} Ne5 {[%emt 0:00:12]} 31. Qe3 {[%emt 0:00:33]} Bc8 {[%emt 0:02:41]} 32. Ne2 {[%emt 0:03:11]} Bd7 {[%emt 0:02:47]} 33. Nd4 {[%emt 0:00:30]} Rae8 {[%emt 0:03:47]} 34. R4f2 {[%emt 0:06:40]} Qd8 {[%emt 0:01:33]} 35. Nf3 {[%emt 0:01:25]} Kg8 {[%emt 0:02:57]} 36. Nxe5 {[%emt 0:02:13]} Rxe5 {[%emt 0:00:07]} 37. Qb6 {[%emt 0:01:01]} Qxb6 {[%emt 0:01:31]} 38. axb6 {[%emt 0:00:02]} g5 {[%emt 0:00:10]} 39. h4 {[%emt 0:03:28]} Bc8 {[%emt 0:00:47]} 40. Be3 {[%emt 0:02:14]} Bb7 {[%emt 0:30:52]} 41. hxg5 {[%emt 0:11:17]} hxg5 {[%emt 0:00:00]} 42. Bd4 {[%emt 0:02:35]} Bc8 {[%emt 0:00:00]} 43. Rf6 {[%emt 0:10:08]} Bxf6 {[%emt 0:00:00]} 44. Rxf6 {[%emt 0:00:08]} Rd8 {[%emt 0:00:00]} 45. Bxe5 {[%emt 0:04:05]} dxe5 {[%emt 0:00:00]} 46. Rc6 {[%emt 0:00:30]} Bb7 {[%emt 0:02:10]} 47. Rc7 {[%emt 0:00:26]} Rb8 {[%emt 0:00:09]} 48. Bd1 {[%emt 0:05:27]} f5 {[%emt 0:01:20]} 49. d6 {[%emt 0:00:47]} Kf8 {[%emt 0:00:51]} 50. exf5 {[%emt 0:01:01]} Ke8 {[%emt 0:00:35]} 51. Bh5+ {[%emt 0:00:47]} Kf8 {[%emt 0:00:33]} 52. f6 {[%emt 0:00:30]} Bd5 {[%emt 0:00:24]} 53. d7 {[%emt 0:00:44]} Be6 {[%emt 0:00:13]} 54. b7 {[%emt 0:00:22]} 1-0

[Event "AUT-ch 2018"]
[Site "Vienna"]
[Date "2018.07.29"]
[Round "9"]
[White "Gratze, Michael"]
[Black "Froewis, Annika"]
[Result "1/2-1/2"]
[WhiteElo "2128"]
[BlackElo "2128"]
[Annotator "NA"]
[PlyCount "63"]
[EventDate "2018.07.22"]
[EventType "swiss"]
[EventCountry "AUT"]
[SourceTitle "playchess.com"]
[Source "ChessBase"]
[SourceQuality "1"]
[TimeControl "40/5400+30:1800+30"]

1. e4 {[%emt 0:00:00]} e5 {[%emt 0:00:04]} 2. Nf3 {[%emt 0:00:00]} d6 {[%emt 0:00:04]} 3. d4 {[%emt 0:00:00]} exd4 {[%emt 0:00:12]} 4. Nxd4 {[%emt 0:00:00]} Nf6 {[%emt 0:00:06]} 5. Nc3 {[%emt 0:00:00]} Be7 {[%emt 0:00:13]} 6. g3 {[%emt 0:00:05]} O-O {[%emt 0:00:09]} 7. Bg2 {[%emt 0:00:17]} Re8 {[%emt 0:00:25]} 8. O-O {[%emt 0:04:36]} Bf8 {[%emt 0:00:54]} 9. Bg5 {[%emt 0:01:56]} c6 {[%emt 0:01:27]} 10. Qf3 {[%emt 0:02:32]} Nbd7 {[%emt 0:01:58]} 11. Nf5 {[%emt 0:02:36]} h6 {[%emt 0:03:17]} 12. Bf4 {[%emt 0:03:44]} Nc5 {[%emt 0:10:37]} 13. Rfe1 {[%emt 0:08:05]} d5 {[%emt 0:22:33]} 14. Rad1 {[%emt 0:08:51]} Bd7 {[%emt 0:12:29]} 15. g4 {[%emt 0:13:49]} Ncxe4 {[%emt 0:02:48]} 16. Nxe4 {[%emt 0:00:57]} Nxe4 {[%emt 0:05:04]} 17. Qb3 {[%emt 0:06:29]} Nc5 {[%emt 0:09:42]} 18. Qg3 {[%emt 0:01:38]} Qa5 {[%emt 0:03:34]} 19. Be5 {[%emt 0:02:01]} g6 {[%emt 0:07:08]} 20. Bc3 {[%emt 0:02:51]} Rxe1+ {[%emt 0:01:44]} 21. Rxe1 {[%emt 0:00:01]} Qd8 {[%emt 0:00:09]} 22. Qe5 {[%emt 0:07:59]} f6 {[%emt 0:02:19]} 23. Ne7+ {[%emt 0:03:11]} Bxe7 {[%emt 0:00:37]} 24. Qxe7 {[%emt 0:00:04]} Qxe7 {[%emt 0:00:43]} 25. Rxe7 {[%emt 0:00:05]} Re8 {[%emt 0:01:51]} 26. Rxe8+ {[%emt 0:00:30]} Bxe8 {[%emt 0:00:02]} 27. Bxf6 {[%emt 0:00:10]} Ne6 {[%emt 0:02:37]} 28. Be5 {[%emt 0:01:11]} Kf7 {[%emt 0:00:55]} 29. f4 {[%emt 0:00:25]} Nf8 {[%emt 0:02:10]} 30. b3 {[%emt 0:01:01]} Nd7 {[%emt 0:00:57]} 31. Bd4 {[%emt 0:00:15]} a6 {[%emt 0:00:39]} 32. Kf2 {[%emt 0:01:09]} 1/2-1/2

[Event "AUT-ch 2018"]
[Site "Vienna"]
[Date "2018.07.29"]
[Round "9"]
[White "Toelly, Michael"]
[Black "Hatzl, Johannes"]
[Result "1-0"]
[WhiteElo "2127"]
[BlackElo "2068"]
[Annotator "NA"]
[PlyCount "53"]
[EventDate "2018.07.22"]
[EventType "swiss"]
[EventCountry "AUT"]
[SourceTitle "playchess.com"]
[Source "ChessBase"]
[SourceQuality "1"]
[TimeControl "40/5400+30:1800+30"]

1. e4 {[%emt 0:00:00]} e5 {[%emt 0:00:08]} 2. Nf3 {[%emt 0:00:00]} Nc6 {[%emt 0:00:13]} 3. Bb5 {[%emt 0:00:00]} Nf6 {[%emt 0:00:16]} 4. O-O {[%emt 0:01:37]} Nxe4 {[%emt 0:00:37]} 5. d4 {[%emt 0:00:39]} Nd6 {[%emt 0:00:27]} 6. Bxc6 {[%emt 0:00:21]} dxc6 {[%emt 0:00:06]} 7. dxe5 {[%emt 0:00:14]} Nf5 {[%emt 0:00:25]} 8. Qxd8+ {[%emt 0:00:58]} Kxd8 {[%emt 0:00:01]} 9. Nc3 {[%emt 0:00:27]} Be7 {[%emt 0:02:32]} 10. b3 {[%emt 0:01:24]} Ke8 {[%emt 0:03:22]} 11. Bb2 {[%emt 0:00:25]} Be6 {[%emt 0:04:36]} 12. h3 {[%emt 0:01:46]} h5 {[%emt 0:06:12]} 13. Ne4 {[%emt 0:08:22]} Rd8 {[%emt 0:05:24]} 14. Rad1 {[%emt 0:03:07]} Rg8 {[%emt 0:07:10]} 15. Bc1 {[%emt 0:04:56]} Rxd1 {[%emt 0:09:42]} 16. Rxd1 {[%emt 0:00:25]} f6 {[%emt 0:02:50]} 17. g4 {[%emt 0:05:20]} hxg4 {[%emt 0:00:18]} 18. hxg4 {[%emt 0:00:05]} Nh6 {[%emt 0:04:32]} 19. exf6 {[%emt 0:00:46]} gxf6 {[%emt 0:00:21]} 20. Bxh6 {[%emt 0:00:18]} Bd5 {[%emt 0:01:52]} 21. Ned2 {[%emt 0:08:00]} Rxg4+ {[%emt 0:00:06]} 22. Kf1 {[%emt 0:00:56]} b5 {[%emt 0:01:48]} 23. Ke2 {[%emt 0:01:40]} a5 {[%emt 0:01:04]} 24. Nf1 {[%emt 0:03:01]} a4 {[%emt 0:02:36]} 25. Ne3 {[%emt 0:01:05]} Rg6 {[%emt 0:00:06]} 26. Bf4 {[%emt 0:00:51]} axb3 {[%emt 0:00:04]} 27. axb3 {[%emt 0:00:30]} 1-0

[Event "AUT-ch 2018"]
[Site "Vienna"]
[Date "2018.07.29"]
[Round "9"]
[White "Atzl, Florian"]
[Black "Spiesberger, Gerhard"]
[Result "0-1"]
[WhiteElo "2117"]
[BlackElo "2117"]
[Annotator "NA"]
[PlyCount "70"]
[EventDate "2018.07.22"]
[EventType "swiss"]
[EventCountry "AUT"]
[SourceTitle "playchess.com"]
[Source "ChessBase"]
[SourceQuality "1"]
[TimeControl "40/5400+30:1800+30"]

1. Nf3 {[%emt 0:00:00]} f5 {[%emt 0:01:54]} 2. g3 {[%emt 0:00:00]} Nf6 {[%emt 0:00:25]} 3. Bg2 {[%emt 0:00:06]} d6 {[%emt 0:00:46]} 4. d4 {[%emt 0:00:10]} e6 {[%emt 0:00:41]} 5. O-O {[%emt 0:00:23]} Be7 {[%emt 0:00:07]} 6. c4 {[%emt 0:00:11]} O-O {[%emt 0:00:31]} 7. Nc3 {[%emt 0:00:22]} Qe8 {[%emt 0:00:22]} 8. Qc2 {[%emt 0:02:41]} Nc6 {[%emt 0:02:06]} 9. d5 {[%emt 0:02:04]} Nb4 {[%emt 0:03:58]} 10. Qd2 {[%emt 0:04:52]} e5 {[%emt 0:02:49]} 11. a3 {[%emt 0:01:30]} Na6 {[%emt 0:00:28]} 12. b4 {[%emt 0:00:19]} Ne4 {[%emt 0:06:08]} 13. Nxe4 {[%emt 0:00:57]} fxe4 {[%emt 0:00:08]} 14. Ng5 {[%emt 0:01:56]} Bxg5 {[%emt 0:02:32]} 15. Qxg5 {[%emt 0:00:05]} Bf5 {[%emt 0:00:42]} 16. Qe3 {[%emt 0:02:27]} Qg6 {[%emt 0:06:03]} 17. Bb2 {[%emt 0:01:46]} Rf6 {[%emt 0:03:27]} 18. h3 {[%emt 0:02:43]} h5 {[%emt 0:08:52]} 19. Kh2 {[%emt 0:03:05]} b6 {[%emt 0:17:01]} 20. Qb3 {[%emt 0:02:59]} Raf8 {[%emt 0:01:16]} 21. Bc1 {[%emt 0:01:07]} Bxh3 {[%emt 0:09:22]} 22. Bxh3 {[%emt 0:00:16]} Rxf2+ {[%emt 0:00:12]} 23. Rxf2 {[%emt 0:00:12]} Rxf2+ {[%emt 0:00:24]} 24. Bg2 {[%emt 0:00:08]} h4 {[%emt 0:02:27]} 25. Ra2 {[%emt 0:02:16]} h3 {[%emt 0:03:34]} 26. Qe3 {[%emt 0:07:34]} Qf5 {[%emt 0:03:07]} 27. Qxf2 {[%emt 0:09:24]} Qxf2 {[%emt 0:02:00]} 28. Kxh3 {[%emt 0:00:02]} Nb8 {[%emt 0:02:36]} 29. Bxe4 {[%emt 0:05:37]} Qf1+ {[%emt 0:01:40]} 30. Kg4 {[%emt 0:00:51]} Qxc1 {[%emt 0:00:27]} 31. Rc2 {[%emt 0:01:49]} Qe3 {[%emt 0:02:13]} 32. Bf5 {[%emt 0:00:32]} Kf7 {[%emt 0:00:27]} 33. c5 {[%emt 0:00:33]} bxc5 {[%emt 0:02:52]} 34. bxc5 {[%emt 0:00:09]} Kf6 {[%emt 0:01:17]} 35. cxd6 {[%emt 0:00:12]} Qg5+ {[%emt 0:00:13]} 0-1